|
|
|
|
| LEADER |
00000nam a2200000 a 4500 |
| 001 |
vtls009083523 |
| 003 |
SK-MaSNL |
| 005 |
20260302005343.0 |
| 008 |
240314s2007 xo a c p 000 0 slo |
| 015 |
|
|
|a SNBA2007/09-04082
|
| 020 |
|
|
|a 9788010012756
|q (brož.)
|
| 035 |
|
|
|a 13E9333F-22DB-4480-A0A3-B43E297B32C5
|
| 035 |
|
|
|a urn:nbn:sk:snk-amk7f4
|
| 035 |
|
|
|a urn:nbn:sk:snk-am007yuj
|
| 040 |
|
|
|a SNK
|b slo
|c SNK
|e AACR2
|
| 041 |
0 |
|
|a slo
|
| 044 |
|
|
|a xo
|c SK
|
| 072 |
|
7 |
|a 51
|x Matematika
|2 konspekt
|
| 080 |
|
|
|a 51
|2 2001
|
| 080 |
|
|
|a (075.2)
|2 2001
|
| 080 |
|
|
|a (076.1)
|2 2001
|
| 100 |
1 |
|
|a Krejza, Lumír
|4 aut
|9 303913
|
| 245 |
1 |
0 |
|a Matematika pre 6. ročník špeciálnych základných škôl
|p Pracovný zošit
|n 1. časť
|c [Lumír Krejza ; ilustrácie Ivan Kováčik]
|
| 246 |
3 |
0 |
|a Pracovný zošit
|
| 250 |
|
|
|a 3. vyd.
|
| 260 |
|
|
|a Bratislava
|b Slovenské pedagogické nakladateľstvo
|c 2007
|
| 650 |
0 |
7 |
|a matematika
|2 SNKPH
|9 70174
|
| 650 |
0 |
7 |
|a Mathematics
|2 SNKPHeng
|9 265620
|
| 655 |
|
7 |
|a učebnice špeciálnych základných škôl
|2 SNKPH
|9 70204
|
| 655 |
|
7 |
|a pracovné zošity
|2 SNKPH
|9 70188
|
| 655 |
|
7 |
|a Textbooks (elementary)
|2 SNKPHeng
|9 276977
|
| 655 |
|
7 |
|a Activity books
|2 SNKPHeng
|9 302885
|
| 700 |
1 |
|
|a Kováčik, Ivan
|4 ill
|9 6562
|
| 919 |
|
|
|a 978-80-10-01275-6
|
| 968 |
|
|
|d 37
|
| 999 |
|
|
|c 999164
|d 1001094
|
| 952 |
|
|
|a SNK
|b SNK
|y VYP
|7 0
|p 17A0558880
|o snkSB 74787/1 D1
|i snk2007/17901
|8 0
|0 0
|1 0
|4 0
|d 2007-07-30
|l 0
|r 2016-06-30 00:00:00
|w 2026-02-24
|
| 952 |
|
|
|a SNK
|b SNK
|y PREZ
|7 0
|p 17A0558879
|o snkSB 74787/1
|i snk2007/17900
|8 0
|0 0
|1 0
|4 0
|d 2007-07-30
|f 1
|l 0
|r 2025-04-25 00:00:00
|w 2026-02-24
|